Представление документа в формате MARC21

Поле Инд. ПП Название Значение
Тип записи a
Библиографический уровень a
001 Контрольный номер 0bbc861efc694e71b642de3278b5bf9f
005 Дата корректировки 20210702115724.4
080 a Индекс УДК 519.6
097 b Оператор *Ир*
100 1_ a Автор Матвеев Ю.Н.
245 10 a Заглавие Моделирование чрезвычайных ситуаций
b Продолж. заглавия статья
p Название части/ раздела - Текст : электронный
520 0_ a Аннотация Рассматриваются вопросы имитационного моделирования аварийных ситуаций на техногенных объектах. Статья посвящена теории безопасности, или теории риска, пришедшей на смену технике безопасности. Если техника безопасности ставит своей целью не допускать никаких аварий, что отвечает концепции абсолютной безопасности техногенного объекта, то теория риска исходит из того, что ничто нельзя сделать абсолютно надежным. Необходимо знать вероятность аварии, прогноз ущерба от аварии
653 0_ a Ключевые слова Чрезвычайные ситуации
653 0_ a Ключевые слова Моделирование
653 0_ a Ключевые слова Аварийные ситуации
653 0_ a Ключевые слова Токсичное воздействие
653 0_ a Ключевые слова Стандарт относительной безопасности
653 0_ a Ключевые слова Принятие решений
700 12 a Другие авторы Стукалова Н.А.
700 12 a Другие авторы Стукалов Д.О.
773 18 t Название источника Саморазвивающаяся среда технического вуза: научные исследования и экспериментальные разработки : материалы IV Всероссийской научно-практической конференции : в 2 ч. Ч. 2 (Тверь, 15 мая 2019 г.) / под общей редакцией Т.Б. Новиченковой
d Место и дата издания Тверь : ТвГТУ, 2019
g Прочая информация С. 70-74
w Контрольный № источника 80cea4012b8c468dbaf3666fd535193e
901 t Тип документа b
905 a Дата создания записи 25.05.21
950 a Редактор записи вт
951 i EL-ТГТУ? Да